Normal view
MARC view
- Athlete
Entry Topical Term
001 - CONTROL NUMBER
- control field: 40183
003 - CONTROL NUMBER IDENTIFIER
- control field: OSt
005 - DATE AND TIME OF LATEST TRANSACTION
- control field: 20191005105027.0
008 - FIXED-LENGTH DATA ELEMENTS
- fixed length control field: 191005|| aca||aabn | a|a d
040 ## - CATALOGING SOURCE
- Original cataloging agency: OSt
- Transcribing agency: OSt
150 ## - HEADING--TOPICAL TERM
- Topical term or geographic name entry element: Athlete
- General subdivision: Hockey player
670 ## - SOURCE DATA FOUND
- Source citation: Work cat.: (OSt)14300: 39495 Gretzky, Wayne., Gordie Howe:, c2016.
